000 01093pam a2200289 i 4500
005 20260205150125.0
008 780807s1979 maua b 001 0 eng
020 _a0205065309 :
_c$10.95
040 _aKABLIB
_cKABLIB
_erda
082 0 0 _a301.36
_223
_bLAR
100 1 _aLarson, Calvin J.
_915419
245 1 0 _aUrban problems :
_bperspectives on corporations, governments, and cities /
_cCalvin J. Larson, Stan R. Nikkel.
260 _aBoston :
_bAllyn and Bacon,
_cc1979.
300 _ax, 326 p. :
_bill. ;
_c24 cm.
336 _atext
_btxt
_2rdacontent
337 _aunmediated
_bn
_2rdamedia
338 _avolume
_bnc
_2rdacarrier
504 _aIncludes bibliographical references and indexes.
650 0 _aSociology, Urban
_zUnited States.
_915420
650 0 _aSocial institutions
_zUnited States.
_915421
650 0 _aUrbanization.
_915422
650 0 _aUrban economics.
_915423
700 1 _aNikkel, Stan R.,
_d1938-
_ejoint author.
_915424
906 _a7
_bcbc
_corignew
_d1
_eocip
_f19
_gy-gencatlg
942 _2ddc
_cBOOK
999 _c6076
_d6076